000 00987nac a22003377a 4500
001 BR0501565
003 BR-BrBNA
005 20240105123117.0
008 230509b bl.|||m| |||| 00| 0 por d
040 _aBR-BrBNA
_bpor
_cBiblioteca Nacional de Agricultura
072 _aL01
090 _a7110 BR0501565
100 1 _aCamargo, R.C.R. de
100 1 _aRêgo, J.G. de S.
100 1 _aLopes, M.T. do R.
100 1 _aPereira, F. de M.
100 1 _aMelo, A.L.
110 1 _aEMBRAPA Meio-Norte, Teresina, PI (Brasil)
245 1 _aBoas práticas na colheita, extração e beneficiamento do mel
260 3 _aTeresina, PI (Brasil):
_c2003.
300 _a28 p.
490 _aDocumentos - EMBRAPA Meio-Norte (Brazil)
_vno. 78
_xISSN 0104-866X
500 _a16 illus.
650 _aABELHA
650 _aMEL
650 _aEXTRAÇÃO
650 _aBENEFICIAMENTO
650 _aPROCESSAMENTO
909 _a202312
_bLúcia Elande
_c55
_dLúcia Elande
942 _2AGRIS
_n0
_cMS
999 _c294039
_d294039